| 000 | 00677nam a2200217Ia 4500 | ||
|---|---|---|---|
| 003 | OSt | ||
| 005 | 20230411153600.0 | ||
| 008 | 210423s2016 xx 000 0 und d | ||
| 020 | _a978-81-291-1475-4 | ||
| 040 | _cAL | ||
| 041 | _aeng | ||
| 082 |
_a823.914 _223 _bGIDS |
||
| 100 |
_aGIDWANI (Bhagwan S) _986319 |
||
| 245 | _aSword of Tipu Sultan: a historical novel about the life and legend of Tipu Sultan of India | ||
| 260 |
_aNew Delhi _bRupa Publications _c2016 |
||
| 300 |
_a478 _bPB |
||
| 365 |
_b395 _cINR |
||
| 650 |
_aEnglish Fiction _986320 |
||
| 906 | _aabout ; historical ; India ; legend ; life ; novel ; Sultan ; Sultan: ; Sword ; Tipu | ||
| 942 |
_2ddc _cBK |
||
| 999 |
_c169675 _d169675 |
||